| Tag |
First Indicator |
Second Indicator |
Subfields |
| LEADER |
00000cam a2200000 4500 |
| 001 |
in00000038630 |
| 005 |
20151007081200.0 |
| 008 |
720801s1930 eng u |
| 010 |
|
|
|a 30015561
|
| 035 |
|
|
|a (OCoLC)00370564
|
| 035 |
|
|
|9 AAF5991AM
|
| 040 |
|
|
|c WSU
|d OCL
|d TXA
|d UtOrBLW
|
| 049 |
|
|
|a TXAM
|c [169816]
|
| 090 |
|
|
|a B821
|b .G7
|
| 092 |
|
|
|a 149.9
|b G773c
|
| 100 |
1 |
|
|a Grattan, C. Hartley
|q (Clinton Hartley),
|d 1902-1980.
|
| 245 |
1 |
4 |
|a The critique of humanism.
|
| 264 |
|
1 |
|a New York :
|b Brewer and Warren, inc.,
|c 1930.
|
| 300 |
|
|
|a 364 pages
|
| 336 |
|
|
|a text
|b txt
|2 rdacontent
|
| 337 |
|
|
|a unmediated
|b n
|2 rdamedia
|
| 338 |
|
|
|a volume
|b nc
|2 rdacarrier
|
| 650 |
|
0 |
|a Humanism
|x History
|y 20th century.
|
| 999 |
|
|
|a MARS
|
| 999 |
f |
f |
|s 83faf7af-7e1e-37e0-8b6b-2128cbba13c5
|i dcd0061a-9402-3e60-8998-800340ede705
|t 0
|
| 952 |
f |
f |
|p ric
|a Texas A&M University
|b Rellis Campus
|c Joint Library Facility
|d Remote Storage
|t 0
|e B821 .G7
|h Library of Congress classification
|i unmediated -- volume
|m A14800519624
|
| 998 |
f |
f |
|a B821 .G7
|t 0
|l Remote Storage
|